000 00725nam a2200229 a 4500
999 _c3413
_d3413
001 3413
003 BD-JhCC
005 20171113185133.0
008 171113s1981 bg |||| ||a| 00| 0 en d
035 _a(BD-JhCC)3413
040 _aBD-JhCC
_dBD-JhCC
041 _aben
082 _a891.442
_bANU 1981
100 _aঅ্যানুই, জ্যাঁ
245 _aচাঁদের বলয় /
_cজ্যাঁ অ্যানুই, নুরুল ইসলাম খান
260 _aঢাকা :
_bবাংলা একাডেমী,
_c1981.
300 _a122 p. :
_c22 cm. :
650 _aBengali Drama
700 _aখান, নুরুল ইসলাম
942 _2ddc
_cBK